000 00890cam a2200277 4500
008 040112n2000 000 0 eng u
020 _a0712684204
035 _a(Sirsi) u124817
041 _aeng
050 _a658.4092
_c21
100 _aHooper, Alan
245 _aIntelligent leadership
_bcreating a passion for change
260 _aLondon
_bRandom House
_c2000
300 _axvi, 222p.
_c24cm.
350 _a15
520 _aDiscusses contemporary leadership and uses real life examples. The authors look at how change can effect the work place, and they prose practical ways for management to provide effective leadership.
650 _aLEADERSHIP
650 _aORGANISATIONAL BEHAVIOUR
650 _aBUSINESS
650 _aMANAGEMENT STRATEGY
650 _aCHANGE MANAGEMENT
690 _aMANAGEMENT
700 _aPotter, A.
700 _aBennis, W.
942 _n0
999 _c103278
_d103278